|
|
|
|
| LEADER |
00000naa0a2200000 4500 |
| 001 |
591014 |
| 005 |
20250703145501.0 |
| 035 |
|
|
|a (RuTPU)RU\TPU\tpu\814
|
| 035 |
|
|
|a TPU00000814
|
| 090 |
|
|
|a 591014
|
| 100 |
|
|
|a 20011210d1961 k||y0rusy50 ca
|
| 101 |
0 |
|
|a rus
|
| 102 |
|
|
|a RU
|
| 200 |
1 |
|
|a Рентгенографическое исследование кинетики образования твердых растворов KCl-KBr
|f В. Я. Зленко
|
| 333 |
|
|
|a В фонде НТБ ТПУ отсутствует
|
| 463 |
|
1 |
|t Материалы второй конференции молодых ученых Сибирского отделения АН СССР
|v С. 70-71
|d 1961
|
| 610 |
1 |
|
|a физика
|
| 610 |
1 |
|
|a труды учёных ТПУ
|
| 700 |
|
1 |
|a Зленко
|b В. Я.
|
| 801 |
|
0 |
|a RU
|b 63413507
|c 20011210
|g PSBO
|
| 801 |
|
2 |
|a RU
|b 63413507
|c 20090210
|g PSBO
|
| 850 |
|
|
|a 63413507
|
| 942 |
|
|
|c BK
|